000 00578nam a2200181Ia 4500
008 090124s9999 xx 000 0 und d
082 _b116207
100 _aकालेलकर मधुसूदन
245 _a चांदणे शिंपित जा
250 _a1
260 _c1973
300 _a96
600 _aकालेलकर मधुसूदन
630 _a चांदणे शिंपित जा
700 _aकालेलकर मधुसूदन
730 _a चांदणे शिंपित जा
942 _cBOOK
999 _c162298
_d162298